| 000 | 01954nam a2200265 a 4500 | ||
|---|---|---|---|
| 001 | BRCA_8784 | ||
| 005 | 20190320210417.0 | ||
| 008 | 170417s1785----sp-#######---#000-0#spa-# | ||
| 041 | _aspa | ||
| 044 | _asp | ||
| 084 |
_aBE163 _b.S46 1785 |
||
| 100 | 1 |
_aSenault, Juan Francisco _921895 |
|
| 245 | 1 | 0 |
_aSermones panegyricos de los santos más celebrados en la iglesia _ccompuestos por el R.P. Juan Francisco Senault, prebistero del Oratorio de Jesús de la Corte de París; traducidos del francés al castellano por el R. P. Fr. Isidro Antonio Hurtado... |
| 260 |
_aMadrid _bPor Blas Román _c1785 |
||
| 300 |
_a[2], 366p. (t.4) _c21.2 x 15 cm. |
||
| 500 | _aEstado físico: presenta encuadernación en pergamino, con lomo semi desprendido y deteriorado, y algunas hojas manchadas | ||
| 500 | _aCon marca de fuego: “Procedencia de la marca: Convento de San Francisco de México, D.F. (1). Institución: Orden de Frailes Menores. Provincia del Santo Evangelio de México. Descripción: Abreviatura que se desata como S[an] Fran[cis]co d[e] Mex[ico]. Observaciones: Rafael Sala y Carlos Krausse la catalogan como perteneciente al Convento de San Francisco de la Ciudad de México, D.F. ----- El ejemplar de la biblioteca José María Lafragua contiene un ex-libris en guarda volante posterior que dice: ´Ex Bibliotheca Magni Mexicani Conbentus S. P. N. S. Francisci´. Ubicación de la marca en el libro: Canto superior” | ||
| 505 | 0 | _aContiene: con una tabla de los pensamientos, y materias contenidas respectivamente en cada tomo, para uso de los predicadores, hecha por el autor de la obra, y acomodada por el traductor | |
| 650 | 1 | 4 |
_aPanegíricos _yS. XVIII _921896 |
| 700 | 1 |
_aHurtado, Isisdro Antonio _etr. _921897 |
|
| 700 | 1 |
_aBlas, Román _eImpresor _921898 |
|
| 856 | _ahttp://www.marcasdefuego.buap.mx:8180/xmLibris/projects/firebrand/item.jsp?repository=marcas_de_fuego&key=92346a45.xml&num=62 | ||
| 902 | _aCFM | ||
| 942 |
_2lcc _cB |
||
| 999 |
_c8435 _d8435 |
||